[Event "I Open Blau Escacs Calvia 2015 "]
[Site "Calvià ESP"]
[Date "2015.04.14"]
[Round "4.4"]
[White "Garcia Del Rey, Senen"]
[Black "Nilsen, Joachim Birger"]
[Result "1-0"]
[WhiteElo "2225"]
[BlackElo "2405"]
[PlyCount "63"]
[EventDate "2015.04.11"]
[EventType "swiss"]
[EventRounds "9"]
[EventCountry "ESP"]
[Source "lmi"]
[SourceDate "2015.04.11"]

1. c4 c5 2. g3 g6 3. Bg2 Bg7 4. Nc3 Nc6 5. a3 d6 6. Rb1 a5 7. Nf3 e5 8. d3 Nge7
9. O-O O-O 10. Bg5 f6 11. Be3 Be6 12. Ne1 b6 13. b4 axb4 14. axb4 Rb8 15. Nc2
Nd4 16. Bd2 Nxc2 17. Qxc2 Qd7 18. Qa4 Qxa4 19. Nxa4 Rfc8 20. Nc3 Rd8 21. Rfc1
Kf7 22. Rc2 Nf5 23. Ra2 Ne7 24. Ra7 Kf8 25. Nb5 Nc8 26. Rc7 Ne7 27. Ra1 Rdc8
28. Rxc8+ Bxc8 29. Nxd6 Nf5 30. Nxf5 Bxf5 31. bxc5 bxc5 32. Be3 1-0

[Event "I Open Blau Escacs Calvia 2015 "]
[Site "Calvià ESP"]
[Date "2015.04.14"]
[Round "4.5"]
[White "Tattersall Rodriguez, Lester"]
[Black "Crespi Lopez, Joan"]
[Result "1-0"]
[WhiteElo "2284"]
[BlackElo "1980"]
[PlyCount "112"]
[EventDate "2015.04.11"]
[EventType "swiss"]
[EventRounds "9"]
[EventCountry "ESP"]
[Source "lmi"]
[SourceDate "2015.04.11"]

1. c4 Nf6 2. Nc3 g6 3. d4 Bg7 4. e4 d6 5. Nf3 O-O 6. Be2 e5 7. O-O Nc6 8. d5
Ne7 9. Ne1 Nd7 10. Be3 f5 11. f3 f4 12. Bf2 g5 13. Nd3 Ng6 14. Rc1 Nf6 15. c5
Rf7 16. Kh1 h5 17. Nb5 a6 18. Na3 Ne8 19. Nc4 Bf8 20. a4 Nf6 21. cxd6 Bxd6 22.
Nc5 Qf8 23. Ne6 Bxe6 24. dxe6 Rh7 25. Nxd6 cxd6 26. Qb3 Kh8 27. Rfd1 g4 28. Rc4
g3 29. hxg3 fxg3 30. Bxg3 h4 31. Be1 Nf4 32. Bf1 Nxe6 33. Bb4 Nd4 34. Rcxd4
exd4 35. e5 Nh5 36. Bd3 Ng3+ 37. Kg1 Rh6 38. Bxd6 Qf4 39. Bf1 h3 40. gxh3 Rg8
41. Bg2 Ne2+ 42. Kf1 Qh2 43. Kxe2 Qxg2+ 44. Kd3 Qxf3+ 45. Kc4 Rc8+ 46. Kb4
Qxb3+ 47. Kxb3 Rxh3+ 48. Kb4 d3 49. e6 Re3 50. e7 Kg7 51. Rg1+ Kf7 52. Rf1+ Kg7
53. Rg1+ Kf7 54. Rf1+ Ke6 55. Bc5 Kd7 56. Bxe3 Kxe7 1-0

[Event "I Open Blau Escacs Calvia 2015 "]
[Site "Calvià ESP"]
[Date "2015.04.14"]
[Round "4.6"]
[White "Segura Ariza, Jose Luis"]
[Black "Kernazhitsky, Leonid"]
[Result "0-1"]
[WhiteElo "2197"]
[BlackElo "2278"]
[PlyCount "90"]
[EventDate "2015.04.11"]
[EventType "swiss"]
[EventRounds "9"]
[EventCountry "ESP"]
[Source "lmi"]
[SourceDate "2015.04.11"]

1. c4 e5 2. Nc3 Nf6 3. g3 d5 4. cxd5 Nxd5 5. Nf3 Nc6 6. d3 Be7 7. Bg2 Nb6 8.
O-O O-O 9. b3 Be6 10. Bb2 f5 11. Nd2 Bf6 12. Rc1 Qd7 13. Re1 Rad8 14. Qc2 e4
15. Ndxe4 fxe4 16. Nxe4 Bxb2 17. Qxb2 Nd5 18. Nc5 Qf7 19. Rf1 Bc8 20. Rc4 b6
21. Ne4 Na5 22. Rcc1 c5 23. a3 Qe7 24. h4 h6 25. Rfd1 Bb7 26. e3 Nc6 27. Qe2
Nf6 28. f4 Nxe4 29. Bxe4 Na5 30. Bxb7 Nxb7 31. Kf2 Nd6 32. b4 Rfe8 33. bxc5
bxc5 34. e4 Kh8 35. e5 Nf5 36. Qh5 Qe6 37. Rc4 Rf8 38. Qe2 Nd4 39. Qe4 Rd5 40.
Kg2 Rfd8 41. h5 Qg4 42. Rh1 Nf5 43. Qf3 Qxf3+ 44. Kxf3 Rxd3+ 45. Kg4 Ne3+ 0-1

[Event "I Open Blau Escacs Calvia 2015 "]
[Site "Calvià ESP"]
[Date "2015.04.14"]
[Round "4.7"]
[White "Tate, Emory"]
[Black "Brull Mayol, Cosme"]
[Result "1/2-1/2"]
[WhiteElo "2256"]
[BlackElo "2253"]
[PlyCount "49"]
[EventDate "2015.04.11"]
[EventType "swiss"]
[EventRounds "9"]
[EventCountry "ESP"]
[Source "lmi"]
[SourceDate "2015.04.11"]

1. e4 e5 2. Nf3 Nc6 3. Bb5 a6 4. Bxc6 dxc6 5. Nc3 Bd6 6. d4 Bg4 7. dxe5 Bxf3 8.
Qxf3 Bxe5 9. Bd2 Qe7 10. O-O-O O-O-O 11. Bf4 Nf6 12. Bxe5 Qxe5 13. Qe3 b6 14.
f4 Qe6 15. b3 Nd5 16. Nxd5 cxd5 17. e5 d4 18. Qe2 a5 19. Rhe1 h5 20. Kb1 h4 21.
Qd3 g6 22. Qe4 c5 23. Rd3 Qe7 24. Rf3 Rh5 25. Qd3 1/2-1/2

[Event "I Open Blau Escacs Calvia 2015 "]
[Site "Calvià ESP"]
[Date "2015.04.14"]
[Round "4.8"]
[White "Galiana Salom, Juan Ramon"]
[Black "Asensio Ramos, Enrique Fernand"]
[Result "1-0"]
[WhiteElo "2241"]
[BlackElo "2045"]
[PlyCount "56"]
[EventDate "2015.04.11"]
[EventType "swiss"]
[EventRounds "9"]
[EventCountry "ESP"]
[Source "lmi"]
[SourceDate "2015.04.11"]

1. e4 g6 2. d4 Bg7 3. Nc3 c6 4. Bc4 d6 5. Qf3 e6 6. d5 cxd5 7. exd5 e5 8. Nb5
Na6 9. Qa3 Ke7 10. Be3 b6 11. Nf3 h6 12. O-O g5 13. Rfe1 f6 14. Nfd4 Nb8 15.
Rad1 Bf8 16. Nc6+ Nxc6 17. dxc6 Ke8 18. c7 Qd7 19. Rxd6 Bxd6 20. Nxd6+ Kf8 21.
Bd5 Ne7 22. Bxa8 Kg7 23. Be4 f5 24. Bd3 Nd5 25. Nxf5+ Kf6 26. Qxa7 Qc6 27. Ng3
Be6 28. Ne4+ Kg6 1-0

[Event "I Open Blau Escacs Calvia 2015 "]
[Site "Calvià ESP"]
[Date "2015.04.14"]
[Round "4.9"]
[White "Dadello, Aleksandra"]
[Black "Ponce Cano, Adrian"]
[Result "0-1"]
[WhiteElo "1986"]
[BlackElo "2200"]
[PlyCount "74"]
[EventDate "2015.04.11"]
[EventType "swiss"]
[EventRounds "9"]
[EventCountry "ESP"]
[Source "lmi"]
[SourceDate "2015.04.11"]

1. e4 d5 2. exd5 Qxd5 3. Nc3 Qd6 4. d4 Nf6 5. Nf3 a6 6. g3 Bg4 7. Bg2 Nc6 8.
O-O O-O-O 9. Be3 e6 10. a3 Be7 11. b4 e5 12. d5 e4 13. Bc5 exf3 14. Bxf3 Qe5
15. Bxg4+ Kb8 16. Na4 Rxd5 17. Qe2 Bxc5 18. Nxc5 Qg5 19. Bf3 Re8 20. Qc4 Ne5
21. Qb3 Nxf3+ 22. Qxf3 Qf5 23. Qxf5 Rxf5 24. Rfe1 Rfe5 25. Kf1 b6 26. Nd3 Re4
27. f3 Rc4 28. Rxe8+ Nxe8 29. Ne5 Rxc2 30. Nxf7 Rxh2 31. Kg1 Rd2 32. Re1 Nf6
33. Re3 Kb7 34. Ng5 h6 35. Ne6 Rd7 36. Kf2 g5 37. Nf8 Rf7 0-1

[Event "I Open Blau Escacs Calvia 2015 "]
[Site "Calvià ESP"]
[Date "2015.04.14"]
[Round "4.10"]
[White "Lasinskas, Povilas"]
[Black "Paterson, Andrew I"]
[Result "1-0"]
[WhiteElo "2193"]
[BlackElo "1986"]
[PlyCount "49"]
[EventDate "2015.04.11"]
[EventType "swiss"]
[EventRounds "9"]
[EventCountry "ESP"]
[Source "lmi"]
[SourceDate "2015.04.11"]

1. d4 Nf6 2. c4 g6 3. Nc3 Bg7 4. e4 d6 5. f3 O-O 6. Bg5 c5 7. d5 h6 8. Be3 e6
9. Qd2 exd5 10. cxd5 a6 11. h4 h5 12. Nh3 b5 13. Be2 Nbd7 14. Nf2 Re8 15. Bg5
Qa5 16. O-O Ne5 17. Qf4 Nh7 18. g4 Nxg5 19. hxg5 hxg4 20. fxg4 Ra7 21. Kg2 Rae7
22. Rh1 Nd7 23. Rh3 Be5 24. Rah1 Nf8 25. Qf6 1-0

[Event "I Open Blau Escacs Calvia 2015 "]
[Site "Calvià ESP"]
[Date "2015.04.14"]
[Round "4.11"]
[White "Queirolo Perez, Manuel"]
[Black "Lazarte Anello, David Emiliano"]
[Result "1/2-1/2"]
[WhiteElo "2113"]
[BlackElo "1951"]
[PlyCount "73"]
[EventDate "2015.04.11"]
[EventType "swiss"]
[EventRounds "9"]
[EventCountry "ESP"]
[Source "lmi"]
[SourceDate "2015.04.11"]

1. a3 g6 2. e4 Bg7 3. d4 c5 4. d5 d6 5. c3 Nf6 6. Qc2 e6 7. Bb5+ Bd7 8. Bxd7+
Qxd7 9. c4 b5 10. e5 dxe5 11. dxe6 Qxe6 12. cxb5 O-O 13. Ne2 Nbd7 14. O-O a6
15. Nbc3 c4 16. bxa6 Nc5 17. Be3 Nb3 18. Rad1 Ng4 19. Nd5 Nxe3 20. Nxe3 Rfc8
21. Qe4 Qxa6 22. Nd5 Kh8 23. Nec3 Nc5 24. Qf3 f5 25. Nb4 Qe6 26. Qd5 Qxd5 27.
Ncxd5 e4 28. Nb6 Bxb2 29. Nxc8 Rxc8 30. Nc2 Nd3 31. Rd2 Bc3 32. Rdd1 Bb2 33. g3
Rb8 34. Rd2 Rb3 35. a4 Rb7 36. f3 exf3 37. Rxf3 1/2-1/2

[Event "I Open Blau Escacs Calvia 2015 "]
[Site "Calvià ESP"]
[Date "2015.04.14"]
[Round "4.12"]
[White "Abrahams, Daniel"]
[Black "Galiana Moll, Ramon Aron"]
[Result "1-0"]
[WhiteElo "2058"]
[BlackElo "1944"]
[PlyCount "75"]
[EventDate "2015.04.11"]
[EventType "swiss"]
[EventRounds "9"]
[EventCountry "ESP"]
[Source "lmi"]
[SourceDate "2015.04.11"]

1. e4 d6 2. Bc4 Nf6 3. d3 e5 4. Nf3 Be7 5. O-O O-O 6. Re1 Nc6 7. Nbd2 Bg4 8. h3
Bh5 9. c3 Na5 10. Bb5 a6 11. Ba4 b5 12. Bc2 h6 13. Nf1 Nh7 14. Ng3 Bg6 15. d4
exd4 16. Nxd4 c5 17. Ndf5 Re8 18. Bf4 Nc4 19. b3 Ne5 20. Be3 Bf8 21. Qd2 Qc7
22. f4 Nc6 23. Nh4 Nf6 24. Nxg6 fxg6 25. Rad1 Rad8 26. Qf2 Be7 27. Bb1 d5 28.
e5 d4 29. exf6 dxe3 30. Qxe3 Bd6 31. Qxe8+ Rxe8 32. Rxe8+ Kf7 33. fxg7 Kxg7 34.
Re6 Bxf4 35. Rxg6+ Kf7 36. Nh5 Be3+ 37. Kh1 Qe5 38. Rxc6 1-0

[Event "I Open Blau Escacs Calvia 2015 "]
[Site "Calvià ESP"]
[Date "2015.04.14"]
[Round "4.13"]
[White "Eggleston, David J"]
[Black "Asensio Ramos, Diego"]
[Result "1-0"]
[WhiteElo "2424"]
[BlackElo "1718"]
[PlyCount "47"]
[EventDate "2015.04.11"]
[EventType "swiss"]
[EventRounds "9"]
[EventCountry "ESP"]
[Source "lmi"]
[SourceDate "2015.04.11"]

1. e4 Nf6 2. e5 Nd5 3. d4 d6 4. Nf3 Nc6 5. c4 Nb6 6. e6 fxe6 7. Nc3 e5 8. d5
Nd4 9. Nxd4 exd4 10. Qxd4 e5 11. dxe6 Bxe6 12. Be3 Qd7 13. Be2 O-O-O 14. O-O
Be7 15. Nd5 Bf6 16. Nxf6 gxf6 17. a4 d5 18. a5 Nxc4 19. Rfc1 Nxe3 20. Qxa7 Qd6
21. Bb5 c6 22. Rxc6+ Qxc6 23. Bxc6 bxc6 24. a6 1-0

[Event "I Open Blau Escacs Calvia 2015 "]
[Site "Calvià ESP"]
[Date "2015.04.14"]
[Round "4.14"]
[White "Llabres Coll, Juan"]
[Black "Gavrish, Leonid"]
[Result "0-1"]
[WhiteElo "1656"]
[BlackElo "2157"]
[PlyCount "53"]
[EventDate "2015.04.11"]
[EventType "swiss"]
[EventRounds "9"]
[EventCountry "ESP"]
[Source "lmi"]
[SourceDate "2015.04.11"]

1. e4 d6 2. d4 Nf6 3. Nc3 g6 4. f4 Bg7 5. Nf3 O-O 6. Be3 b6 7. h3 Bb7 8. Bd3 c5
9. O-O c4 10. Bxc4 Nxe4 11. Bd3 Nxc3 12. bxc3 Nd7 13. f5 Nf6 14. fxg6 hxg6 15.
Qd2 Rc8 16. Bh6 Qc7 17. Bxg7 Kxg7 18. Rfe1 Rh8 19. Ng5 Rh5 20. Qf4 d5 21. Qe3
Re8 22. Re2 Bc8 23. g4 Rxg5 24. Qxg5 Qg3+ 25. Rg2 Qxh3 26. Kf2 Rh8 27. Be2 0-1

[Event "I Open Blau Escacs Calvia 2015 "]
[Site "Calvià ESP"]
[Date "2015.04.14"]
[Round "4.15"]
[White "Gimenez Garcia, Emilio"]
[Black "Garcia Comendador, Simon"]
[Result "1-0"]
[WhiteElo "1913"]
[BlackElo "1687"]
[PlyCount "51"]
[EventDate "2015.04.11"]
[EventType "swiss"]
[EventRounds "9"]
[EventCountry "ESP"]
[Source "lmi"]
[SourceDate "2015.04.11"]

1. d4 d5 2. Bf4 Bf5 3. e3 Nf6 4. Nd2 Nbd7 5. c3 e6 6. Ngf3 Be7 7. h3 h6 8. Bb5
c6 9. Ba4 a5 10. Bc2 Bxc2 11. Qxc2 b5 12. O-O Qb6 13. a4 O-O 14. g4 Rfc8 15. g5
hxg5 16. Nxg5 g6 17. Kh1 Nh5 18. Nxe6 fxe6 19. Qxg6+ Ng7 20. Bh6 Bf6 21. Bxg7
Bxg7 22. Rg1 Kf8 23. Qxg7+ Ke8 24. Qh8+ Ke7 25. Qh7+ Ke8 26. Rg8+ 1-0

[Event "I Open Blau Escacs Calvia 2015 "]
[Site "Calvià ESP"]
[Date "2015.04.14"]
[Round "4.16"]
[White "Carranza Pons, Ricardo Nelson"]
[Black "Taborda Cembalo, Luciano"]
[Result "0-1"]
[WhiteElo "1782"]
[BlackElo "1444"]
[PlyCount "68"]
[EventDate "2015.04.11"]
[EventType "swiss"]
[EventRounds "9"]
[EventCountry "ESP"]
[Source "lmi"]
[SourceDate "2015.04.11"]

1. e4 e5 2. Nf3 Nc6 3. Bb5 a6 4. Ba4 Nf6 5. d3 d6 6. c3 Be7 7. Nbd2 b5 8. Bc2
d5 9. O-O Bg4 10. h3 Bh5 11. Re1 d4 12. Nf1 O-O 13. Ng3 Bg6 14. Nh2 Qd7 15. f4
exf4 16. Bxf4 Bc5 17. Kh1 dxc3 18. bxc3 Bf2 19. Rf1 Bxg3 20. Bxg3 Nh5 21. Qf3
Nxg3+ 22. Qxg3 Qd6 23. Qg5 h6 24. Qe3 b4 25. d4 Qe7 26. Rae1 Na5 27. cxb4 Qxb4
28. Rb1 Nc4 29. Qe1 Qd6 30. Qc3 Na3 31. Rbd1 Nxc2 32. Qxc2 Rfe8 33. Rfe1 Qf4
34. Rf1 Qxe4 0-1

[Event "I Open Blau Escacs Calvia 2015 "]
[Site "Calvià ESP"]
[Date "2015.04.14"]
[Round "4.17"]
[White "Terradas Calafell, Jaume"]
[Black "Adrian, Claude"]
[Result "1/2-1/2"]
[WhiteElo "1721"]
[BlackElo "2197"]
[PlyCount "35"]
[EventDate "2015.04.11"]
[EventType "swiss"]
[EventRounds "9"]
[EventCountry "ESP"]
[Source "lmi"]
[SourceDate "2015.04.11"]

1. e4 c5 2. Nf3 Nc6 3. d4 cxd4 4. Nxd4 g6 5. Be2 Bg7 6. Nb3 d6 7. O-O Be6 8.
Re1 Rc8 9. Bf1 Nf6 10. Nc3 O-O 11. Nd5 a6 12. c3 b5 13. a4 Rb8 14. axb5 axb5
15. Ra6 Bd7 16. Bg5 b4 17. Bxf6 exf6 18. Nxb4 1/2-1/2

[Event "I Open Blau Escacs Calvia 2015 "]
[Site "Calvià ESP"]
[Date "2015.04.14"]
[Round "4.18"]
[White "Orcera Gomez, Francisco"]
[Black "Boix Pons, Catalina"]
[Result "1/2-1/2"]
[WhiteElo "1723"]
[BlackElo "1914"]
[PlyCount "87"]
[EventDate "2015.04.11"]
[EventType "swiss"]
[EventRounds "9"]
[EventCountry "ESP"]
[Source "lmi"]
[SourceDate "2015.04.11"]

1. d4 d5 2. Nc3 Nf6 3. Nf3 e6 4. Bf4 c6 5. a3 Be7 6. h3 Nbd7 7. e3 O-O 8. Bd3
c5 9. O-O a6 10. a4 b6 11. b3 Bb7 12. Nd2 Rc8 13. Qe2 cxd4 14. Nd1 dxe3 15.
Bxe3 Bc5 16. Bxa6 Bxa6 17. Qxa6 Bd6 18. c3 e5 19. b4 Ra8 20. Qb5 Qc7 21. Nf3
Rfc8 22. Nh4 Qc4 23. Qxc4 Rxc4 24. Nf3 Ne4 25. Nd2 Nxd2 26. Bxd2 Nf6 27. Ne3
Rc7 28. Nf5 Bf8 29. f3 g6 30. Ng3 Rca7 31. Be3 Rxa4 32. Rxa4 Rxa4 33. Bxb6 Nd7
34. Ba5 f5 35. Rd1 Nf6 36. Bd8 Bg7 37. Bxf6 Bxf6 38. Rxd5 Kf7 39. Ra5 Rxa5 40.
bxa5 Bd8 41. a6 Ke7 42. Kf1 Bb6 43. Ke2 Kd6 44. Kd3 1/2-1/2

[Event "I Open Blau Escacs Calvia 2015 "]
[Site "Calvià ESP"]
[Date "2015.04.14"]
[Round "4.19"]
[White "Scholl, Alois"]
[Black "Cemborain Oricain, Alfonso"]
[Result "0-1"]
[WhiteElo "1700"]
[BlackElo "1892"]
[PlyCount "70"]
[EventDate "2015.04.11"]
[EventType "swiss"]
[EventRounds "9"]
[EventCountry "ESP"]
[Source "lmi"]
[SourceDate "2015.04.11"]

1. Nf3 d5 2. b3 Nf6 3. Bb2 Bf5 4. e3 Nbd7 5. d3 h6 6. Nbd2 e6 7. Be2 Bd6 8. Nd4
Bg6 9. O-O e5 10. Nb5 Be7 11. Qc1 c6 12. Nc3 Qa5 13. Nd1 O-O 14. Nf3 Bd6 15.
Nh4 Bh7 16. Kh1 e4 17. f4 exf3 18. Rxf3 Qe1+ 19. Bf1 Qxh4 20. g3 Qb4 21. Nf2
Bg6 22. a3 Qb6 23. Bh3 Rfe8 24. Qd2 Be5 25. d4 Bd6 26. Bxd7 Nxd7 27. c4 Qd8 28.
Rf1 Nf6 29. Kg1 Qd7 30. b4 dxc4 31. Qc3 b5 32. e4 Nxe4 33. Nxe4 Rxe4 34. d5 Be5
35. Qc1 Qxd5 0-1

[Event "I Open Blau Escacs Calvia 2015 "]
[Site "Calvià ESP"]
[Date "2015.04.14"]
[Round "4.20"]
[White "Fullana Benito, David"]
[Black "Ferrer Mygina, Juan"]
[Result "1-0"]
[WhiteElo "1880"]
[BlackElo "1581"]
[PlyCount "71"]
[EventDate "2015.04.11"]
[EventType "swiss"]
[EventRounds "9"]
[EventCountry "ESP"]
[Source "lmi"]
[SourceDate "2015.04.11"]

1. e4 e6 2. d4 d5 3. Nc3 Bb4 4. e5 c5 5. Qg4 Ne7 6. a3 Bxc3+ 7. bxc3 cxd4 8.
cxd4 Qc7 9. Ra2 Nf5 10. Nf3 Nc6 11. Bd3 Ncxd4 12. Nxd4 Qc3+ 13. Bd2 Qxd4 14.
Qxd4 Nxd4 15. Bb4 Bd7 16. a4 Nc6 17. Bd6 Rc8 18. O-O a5 19. Rb1 Nb4 20. Bxb4
axb4 21. Rxb4 Rc7 22. Rab2 Bc6 23. Bb5 O-O 24. Bxc6 bxc6 25. Rb6 Ra7 26. Ra2
Rc8 27. a5 g6 28. a6 c5 29. f4 c4 30. Kf2 Kf8 31. Ke3 Ke8 32. c3 Kd8 33. Rab2
Rca8 34. Rd6+ Kc7 35. Rbb6 Rb8 36. Rbc6# 1-0

[Event "I Open Blau Escacs Calvia 2015 "]
[Site "Calvià ESP"]
[Date "2015.04.14"]
[Round "4.21"]
[White "Ramis Sebastia, Jordi Salvador"]
[Black "Perez Prieto, German"]
[Result "0-1"]
[WhiteElo "1632"]
[BlackElo "1833"]
[PlyCount "52"]
[EventDate "2015.04.11"]
[EventType "swiss"]
[EventRounds "9"]
[EventCountry "ESP"]
[Source "lmi"]
[SourceDate "2015.04.11"]

1. d4 Nf6 2. c4 e6 3. Nc3 d5 4. Bg5 Be7 5. Nf3 O-O 6. e3 b6 7. Bd3 Bb7 8. O-O
Nbd7 9. Rc1 c5 10. b3 Ne4 11. Bxe7 Qxe7 12. Nd2 f5 13. f3 Nxc3 14. Rxc3 cxd4
15. exd4 Qf6 16. Qe2 Qxd4+ 17. Rf2 Qxc3 18. Qxe6+ Rf7 19. Bxf5 Nc5 20. Bxh7+
Kf8 21. Qd6+ Re7 22. cxd5 Qf6 23. Qg3 Re1+ 24. Nf1 Ba6 25. Be4 Nxe4 26. fxe4
Rxf1+ 0-1

[Event "I Open Blau Escacs Calvia 2015 "]
[Site "Calvià ESP"]
[Date "2015.04.14"]
[Round "4.22"]
[White "Kopylov, Daniel"]
[Black "Adrian, Leopold"]
[Result "1-0"]
[WhiteElo "1813"]
[BlackElo "1579"]
[PlyCount "105"]
[EventDate "2015.04.11"]
[EventType "swiss"]
[EventRounds "9"]
[EventCountry "ESP"]
[Source "lmi"]
[SourceDate "2015.04.11"]

1. e4 e6 2. d4 d5 3. Nd2 Nf6 4. e5 Nfd7 5. Bd3 c5 6. c3 Nc6 7. Ne2 cxd4 8. cxd4
f6 9. Nf4 Nxd4 10. Qh5+ Ke7 11. Ng6+ hxg6 12. exf6+ Nxf6 13. Qxh8 Kf7 14. O-O
Qc7 15. Nb3 Nc6 16. Qh4 e5 17. Qg5 e4 18. Be2 Be7 19. Bf4 Qb6 20. Qg3 Qd8 21.
Rad1 Be6 22. Nd4 Nxd4 23. Rxd4 Qb6 24. Rd2 Rh8 25. Rc1 Qa5 26. Rc7 e3 27. Qxe3
Qxa2 28. Bd6 Re8 29. Rxb7 Ne4 30. Rxe7+ Rxe7 31. Bxe7 Nxd2 32. Qxd2 Kxe7 33. h3
Qa1+ 34. Kh2 Qa4 35. Qg5+ Kf8 36. Qxg6 Qf4+ 37. Qg3 Qd2 38. Qe3 Qxe3 39. fxe3
Ke7 40. Kg3 g5 41. Bg4 Bf7 42. Bc8 Bh5 43. h4 gxh4+ 44. Kxh4 Bf7 45. Kg5 Kd6
46. Kf6 Bg8 47. g4 Kc5 48. g5 d4 49. exd4+ Kxd4 50. g6 Kd5 51. Ke7 Kc5 52. Be6
Bxe6 53. Kxe6 1-0

[Event "I Open Blau Escacs Calvia 2015 "]
[Site "Calvià ESP"]
[Date "2015.04.14"]
[Round "4.23"]
[White "Rossello Sanchez, Bartolome"]
[Black "Dadello, Andrzej"]
[Result "0-1"]
[WhiteElo "1524"]
[BlackElo "1801"]
[PlyCount "44"]
[EventDate "2015.04.11"]
[EventType "swiss"]
[EventRounds "9"]
[EventCountry "ESP"]
[Source "lmi"]
[SourceDate "2015.04.11"]

1. b3 d5 2. Bb2 c5 3. e3 Nc6 4. d3 e5 5. Nd2 Nf6 6. Be2 Bd6 7. a3 b6 8. c4 Bb7
9. Bf3 Bc7 10. cxd5 Nxd5 11. Be4 Qd7 12. Ngf3 O-O-O 13. Nc4 f5 14. Bxf5 Qxf5
15. e4 Qg6 16. Nh4 Qg5 17. exd5 Nd4 18. Bxd4 exd4 19. Nf3 Qxg2 20. Rg1 Rhe8+
21. Kd2 Qxf2+ 22. Kc1 Bxd5 0-1

[Event "I Open Blau Escacs Calvia 2015 "]
[Site "Calvià ESP"]
[Date "2015.04.14"]
[Round "4.24"]
[White "Moreno Jimenez, Alejandro"]
[Black "Vicens Company, Maria Antonia"]
[Result "0-1"]
[WhiteElo "1260"]
[BlackElo "1744"]
[PlyCount "50"]
[EventDate "2015.04.11"]
[EventType "swiss"]
[EventRounds "9"]
[EventCountry "ESP"]
[Source "lmi"]
[SourceDate "2015.04.11"]

1. e4 d6 2. Nc3 Nf6 3. Nf3 g6 4. d4 Bg7 5. Bc4 Nxe4 6. Nxe4 d5 7. Bb5+ c6 8.
Bd3 dxe4 9. Bxe4 Bg4 10. Qd2 Bxf3 11. Bxf3 Qxd4 12. O-O Qf6 13. Qf4 Nd7 14. Rd1
Qxf4 15. Bxf4 e5 16. Bg5 f6 17. Be3 f5 18. Be2 Nb6 19. Rd6 Nd5 20. Bg5 h6 21.
Bh4 g5 22. Bh5+ Ke7 23. Rg6 Bf6 24. c4 Nf4 25. g3 Nxh5 0-1

[Event "I Open Blau Escacs Calvia 2015 "]
[Site "Calvià ESP"]
[Date "2015.04.14"]
[Round "4.25"]
[White "Vicens Company, Francesc"]
[Black "Adrian, Louise"]
[Result "1-0"]
[WhiteElo "1517"]
[BlackElo "1499"]
[PlyCount "83"]
[EventDate "2015.04.11"]
[EventType "swiss"]
[EventRounds "9"]
[EventCountry "ESP"]
[Source "lmi"]
[SourceDate "2015.04.11"]

1. d4 c5 2. d5 e6 3. c4 exd5 4. cxd5 d6 5. e4 Be7 6. Nf3 Bf6 7. Be2 Ne7 8. O-O
Ng6 9. Nc3 a6 10. Bd2 b5 11. Qc2 O-O 12. Rfb1 Re8 13. b4 Nd7 14. a4 bxa4 15.
Qxa4 Nb6 16. Qc2 Bb7 17. bxc5 dxc5 18. Ra3 Bc8 19. Be3 Bxc3 20. Rxc3 f5 21.
Bxc5 Nd7 22. exf5 Ne7 23. Bxe7 Rxe7 24. Bc4 Kh8 25. d6 Re8 26. Bf7 Rf8 27. Be6
Qe8 28. Rc7 Nf6 29. Ng5 h6 30. Re7 Qh5 31. Nf7+ Kh7 32. Ne5 Re8 33. Rxe8 Qxe8
34. Qc6 Qxc6 35. Nxc6 g6 36. Rb8 Rxb8 37. Nxb8 Bb7 38. fxg6+ Kxg6 39. d7 Nxd7
40. Nxd7 Bc6 41. Ne5+ Kf6 42. Nxc6 1-0

[Event "I Open Blau Escacs Calvia 2015 "]
[Site "Calvià ESP"]
[Date "2015.04.15"]
[Round "5.1"]
[White "Martins, David Pires Tavares"]
[Black "Cacho Reigadas, Sergio"]
[Result "0-1"]
[WhiteElo "2293"]
[BlackElo "2519"]
[PlyCount "46"]
[EventDate "2015.04.11"]
[EventType "swiss"]
[EventRounds "9"]
[EventCountry "ESP"]
[Source "lmi"]
[SourceDate "2015.04.11"]

1. b3 d5 2. Bb2 Bg4 3. Nf3 Nd7 4. d4 e6 5. Nbd2 f5 6. g3 Bd6 7. Bg2 Qf6 8. e3
Ne7 9. c4 c6 10. Qc2 b5 11. a4 b4 12. a5 O-O 13. h4 h6 14. Nh2 Bh5 15. f4 Qg6
16. Ndf1 c5 17. Kf2 Rac8 18. Nd2 Nf6 19. Rhe1 Ne4+ 20. Nxe4 fxe4 21. Bh3 cxd4
22. Bxd4 e5 23. Bxc8 exd4 0-1

[Event "I Open Blau Escacs Calvia 2015 "]
[Site "Calvià ESP"]
[Date "2015.04.15"]
[Round "5.2"]
[White "Kopylov, Michael"]
[Black "Tattersall Rodriguez, Lester"]
[Result "1-0"]
[WhiteElo "2441"]
[BlackElo "2284"]
[PlyCount "57"]
[EventDate "2015.04.11"]
[EventType "swiss"]
[EventRounds "9"]
[EventCountry "ESP"]
[Source "lmi"]
[SourceDate "2015.04.11"]

1. d4 Nf6 2. c4 e6 3. Nc3 Bb4 4. Nf3 b6 5. Qb3 c5 6. a3 Bxc3+ 7. Qxc3 Ne4 8.
Qc2 Bb7 9. e3 f5 10. Be2 O-O 11. b4 d6 12. Bb2 Nd7 13. O-O Rc8 14. dxc5 bxc5
15. Rfd1 f4 16. Bd3 Ng5 17. Nxg5 Qxg5 18. Bxh7+ Kh8 19. Qg6 Qxg6 20. Bxg6 fxe3
21. fxe3 cxb4 22. Rxd6 bxa3 23. Rxa3 Nb6 24. Rd4 Rxc4 25. Rxa7 Rc7 26. Rh4+ Kg8
27. Bh7+ Kf7 28. Rf4+ Ke8 29. Bg6+ 1-0

[Event "I Open Blau Escacs Calvia 2015 "]
[Site "Calvià ESP"]
[Date "2015.04.15"]
[Round "5.3"]
[White "Kernazhitsky, Leonid"]
[Black "Garcia Del Rey, Senen"]
[Result "1-0"]
[WhiteElo "2278"]
[BlackElo "2225"]
[PlyCount "55"]
[EventDate "2015.04.11"]
[EventType "swiss"]
[EventRounds "9"]
[EventCountry "ESP"]
[Source "lmi"]
[SourceDate "2015.04.11"]

1. e4 c5 2. Nf3 e6 3. d4 cxd4 4. Nxd4 a6 5. Nc3 Qc7 6. Bd3 Nf6 7. f4 d6 8. Qe2
Nbd7 9. g4 g6 10. Be3 Be7 11. O-O-O Nc5 12. g5 Nfd7 13. h4 b5 14. a3 Nxd3+ 15.
cxd3 Nc5 16. Kb1 Qb7 17. h5 Rf8 18. f5 Bd7 19. Qh2 b4 20. axb4 Qxb4 21. hxg6
hxg6 22. f6 Bd8 23. Qxd6 Nxd3 24. Qxb4 Nxb4 25. Nb3 a5 26. Bc5 Rg8 27. Rh7 Rf8
28. Bf2 1-0

[Event "I Open Blau Escacs Calvia 2015 "]
[Site "Calvià ESP"]
[Date "2015.04.15"]
[Round "5.4"]
[White "Galiana Salom, Juan Ramon"]
[Black "Seba, Kamel"]
[Result "1-0"]
[WhiteElo "2241"]
[BlackElo "2266"]
[PlyCount "91"]
[EventDate "2015.04.11"]
[EventType "swiss"]
[EventRounds "9"]
[EventCountry "ESP"]
[Source "lmi"]
[SourceDate "2015.04.11"]

1. e4 e5 2. Nf3 Nc6 3. Bb5 a6 4. Ba4 Nf6 5. Qe2 d6 6. O-O Be7 7. c3 Bg4 8. h3
Bh5 9. Bxc6+ bxc6 10. d4 exd4 11. cxd4 O-O 12. Nc3 Qd7 13. Bf4 Rfe8 14. Qd3 h6
15. Rfe1 Bf8 16. Nd2 g5 17. Bh2 Bg7 18. Rac1 Bg6 19. Qc4 Rab8 20. b3 a5 21. e5
Nh5 22. Nf3 d5 23. Qa6 Ra8 24. Qe2 Bf8 25. Na4 Ba3 26. Ra1 Ng7 27. Qd1 Ne6 28.
Re3 Red8 29. Qd2 Kg7 30. Rd1 Qe7 31. Qc3 Ra6 32. Qe1 c5 33. Qe2 Raa8 34. Qd2 c6
35. Qc3 Rac8 36. Qxa5 cxd4 37. Nxd4 Nxd4 38. Rxd4 c5 39. Rd1 Bc2 40. Nb6 Bb4
41. Nxc8 Rxc8 42. Qa6 Qe6 43. Qe2 Bg6 44. Rf3 c4 45. Rf6 Bd3 46. Qh5 1-0